000 01316cam a2200361 i 4500
001 BK0021723050
005 20211117134507.0
008 180806s2018 nyu 000 1 eng d
010 _abl2018179772
020 _a9780062845764 : PAP
_c27.99
020 _a0062845764 : PAP
_c27.99
_qpbk.
037 _bHarpercollins, 53 Glenmaura National Blvd Ste 300, Moosaic, PA, USA, 18507-2132
_nSAN 200-2086
040 _aIMmBT
_beng
_cIMmBT
_erda
_dNjBwBT
050 1 4 _aPS3569.L275
_bP54 2018d
082 0 4 _a813/.54
_223
092 _a813.5400
100 1 _aSlaughter, Karin,
_d1971-
_eauthor.
_9521
245 1 0 _aPieces of her
_h[large print] :
_ba novel /
_cKarin Slaughter.
250 _aFirst HarperLuxe edition.
264 1 _aNew York, NY :
_bHarperLuxe, an imprint of HarperCollinsPublishers,
_c[2018]
300 _a722 pages ;
_c23 cm
336 _atext
337 _aunmediated
338 _avolume
500 _a"Larger print"--Spine.
650 0 _aMothers and daughters
_vFiction.
_95673712
650 0 _aViolence
_vFiction.
_95679244
650 0 _aIdentity (Psychology)
_vFiction.
_95675471
650 0 _aFamily secrets
_vFiction.
_95674538
650 7 _aSuspense fiction.
_2gsafd
_998862
655 7 _aMystery fiction.
_2gsafd
_9102668
942 _2ddc
_cBOOK
999 _c239841
_d239841